000 00624nam a2200193 i 4500
001 71642
003 ES-MaACL
005 20230906171203.0
007 t|
008 040813s1971 sp ||||1| spa d
245 0 0 _aGeotecnia y cimientos.
260 _aMadrid :
_bRueda,
_c[1971]
300 _av. :
_bil. ;
_c25 cm.
505 8 _aContiene: T.I: Propiedades de los suelos y de las rocas / J.A. Jiménez Salas, J.L. de Justo Alpañes
700 1 _aJiménez Salas, J. A.
_966610
700 1 _aJusto Alpañes, J. L. de.
_967364
740 0 _aPropiedades de los suelos y de las rocas.
852 _aES-MaACL
_jP-1583
_bR.77745
999 _c71642
_d71642